00304nam a2200121Ia 4500008004100000100001600041245003200057260004700089300000800136650001400144942000700158999001700165190216s9999||||xx |||||||||||||| ||und|| aO N V Kurup 0aGanolsavam (gana Samaharam) bPrabhatham Printing &publishing Compc1969 a63p aKavithkal cBK c24909d24909